UM Logo
Normal view MARC view
  • González-Víllora, Sixto

Entry Personal Name

Number of records used in: 1

001 - CONTROL NUMBER

  • control field: 69759

003 - CONTROL NUMBER IDENTIFIER

  • control field: OSt

005 - DATE AND TIME OF LATEST TRANSACTION

  • control field: 20260216141011.0

008 - FIXED-LENGTH DATA ELEMENTS

  • fixed length control field: 260216|| aca||aabn | a|a d

040 ## - CATALOGING SOURCE

  • Original cataloging agency: OSt

100 ## - HEADING--PERSONAL NAME

  • Personal name: González-Víllora, Sixto
  • Relator term: author.